• 首页
  • 本馆介绍
  • 公告通知
  • 最新文献
  • 馆藏检索
  • 电子资源
  • 读者导购
  • 参考咨询
  • 我的图书馆
  • 登录
  • 详细信息显示
  • 放入我的书架
  • 预约/预借图书
  • 作者相关作品
  • 分类相关作品
  • 丛书相关作品
  • 出版社相关作品

书目信息

  • 表格格式
  • 工作单格式
  • 卡片格式
题名:
心算万年历与多样式多位数乘法
    
 
作者: 施建辉 著
分册:  
出版信息: 西安   陕西科学技术出版社  2020.4
页数: 176页
开本: 24cm
丛书名:
单 册:
中图分类: O121.1
科图分类:
主题词: 乘法--速算
电子资源:
ISBN: 978-7-5369-7755-6
000 00762nam0 2200229 45
001 012001000230
005 20140910172243.0
010    @a978-7-5369-7755-6@dCNY45.00
100    @a20200612d2020 em y0chiy50 ea
101 0  @achi
102    @aCN@b610000
105    @aa z 000yy
106    @ar
200 1  @a心算万年历与多样式多位数乘法@Axin suan wan nian li yu duo yang shi duo wei shu cheng fa@b专著@f施建辉著
210    @a西安@c陕西科学技术出版社@d2020.4
215    @a176页@c图@d24cm
330    @a本书分为四章,内容包括:心算万年历、多样式多位数乘法、高级交叉式乘法、其他两位数乘法规律题。
606 0  @a乘法@x速算
690    @aO121.1@v5
701  0 @a施建辉@Ashi jian hui@f(1979- )@4著
801  0 @aCN@bBJSDL@c20211011
905    @b1330894-7@dO121.1@e155@f4
    
    心算万年历与多样式多位数乘法/施建辉著.-西安:陕西科学技术出版社,2020.4
    176页:图;24cm
    
    
    ISBN 978-7-5369-7755-6:CNY45.00
    本书分为四章,内容包括:心算万年历、多样式多位数乘法、高级交叉式乘法、其他两位数乘法规律题。
●
相关链接 在E读中查询图书 在五车中查询图书 在当当中查询图书 在豆瓣中查询图书


正题名:心算万年历与多样式多位数乘法     索取号:O121.1/155         预约/预借

序号 登录号 条形码 馆藏地/架位号 状态 备注
1 1330894   213308945   第二样本阅览室/ [索取号:O121.1/155] 在馆    
2 1330895   213308954   第三借阅区/ [索取号:O121.1/155] 在馆    
3 1330896   213308963   第三借阅区/ [索取号:O121.1/155] 在馆    
4 1330897   213308972   第三借阅区/ [索取号:O121.1/155] 在馆    
唐山师范学院图书馆 欢迎您!
大连网信软件有限公司© 版权所有